[Event "Dos Hermanas-B"]
[Site "Dos Hermanas"]
[Date "2005.04.02"]
[Round "2"]
[White "Campora, Daniel Hugo"]
[Black "Perez Candelario, Manuel"]
[Result "1/2-1/2"]
[WhiteElo "2545"]
[BlackElo "2495"]
[Annotator "Marin,M"]
[PlyCount "91"]
[EventDate "2005.04.01"]
[EventType "tourn"]
[EventRounds "9"]
[EventCountry "ESP"]
[EventCategory "10"]
[SourceTitle "CBM 107"]
[Source "ChessBase"]
[SourceDate "2005.08.01"]
[SourceVersion "1"]
[SourceVersionDate "2005.08.01"]
[SourceQuality "1"]

1. Nf3 d5 2. g3 Nf6 3. Bg2 c6 4. O-O Bg4 5. b3 e6 6. Bb2 Be7 7. d3 O-O 8. Nbd2
{This Survey will focus on games where Black refrains from developing his
queen's knight on the natural d7-square.} Bh5 {This is a rarely seen move in
the Reti. Why would Black retreat with his bishop voluntarely? However, the
game will soon transpose to normal paths, since White will answer, equally
surprisingly, with h3.} ({The main alternative to Nbd7 is} 8... a5 9. a3 {
is the more restrained and more popular reaction.} (9. a4 {aims for an
entirely different structure on the quen side. Generally speaking, the light
squared blockade is desirable for White, but the weakness of the b4-square
could also count.} Nfd7 10. e4 Na6 11. Qe2 Qb6 12. Rfe1 Rfd8 $6 {This and
especialy the next move are hardly recomendable. It might seem that Black
overestimated the solidity of his position and didn't care about the tempi.} (
12... Rfe8 $5 13. Nf1 Bh5 14. Ne3 Bg6 15. Ng4 Bb4 $13) 13. Nf1 Bf6 $6 14. e5 $1
{White should generally refrain from this move, but on the other hand, time is
also significant, even in such closed positions. White's king side attack will
now develop quicker than Black's queen side operations.} Be7 15. Ne3 Bh5 16. h4
Bg6 17. Bh3 h6 18. Ng2 Nf8 19. Nf4 Bh7 20. Kh1 c5 21. Rg1 $36 {1-0 Podgaets,
M-Klovans,J/Alma-Ata 1968/URS-ch (41)}) 9... c5 (9... Na6 10. h3 Bxf3 $6 {
Surrendering the bishop too easily.} 11. Nxf3 Nd7 12. e4 Qc7 13. Qe2 Nac5 14.
h4 $14 {1/2-1/2 Lezcano Jaen,P (2340)-Hernandez,Y (2150)/Mondariz 1995/EXT 97 
(36)}) ({For} 9... Nbd7 {see: Ruf,M (2390)-Jackelen,T (2325)/Cologne 1989/CBM
016/[Horn,Pe] (34)}) 10. h3 (10. Ne5 $5 Bh5 11. c4) (10. c4 Nc6 11. h3 Bh5 12.
g4 Bg6 13. Nh4 Bd6 14. Ndf3 Bc7 15. cxd5 Nxd5 16. e3 Qd6 $132 {0-1 Espig,L 
(2460)-Dautov,R (2535)/Kecskemet 1989/TD (36)}) 10... Bh5 ({Now that the long
diagonal has been weakened,} 10... Bxf3 {might be risky in a strategic sense.})
11. g4 Bg6 12. Ne5 Nfd7 13. Nxg6 hxg6 14. c4 Nb6 (14... Bf6 15. Qc2 Bxb2 16.
Qxb2 Qh4 $6 {This move fails to create any concrete threats and places the
queen too far from the own queen side.} 17. b4 axb4 18. axb4 Rxa1 19. Rxa1 b6
20. bxc5 bxc5 21. Ra7 d4 22. Nf3 Qd8 23. Qb5 $16 {1-0 Nikolac,J (2450)
-Kovacevic,V (2500)/Bjelovar 1979/EXT 2000 (50)}) 15. Rc1 Nc6 16. e3 a4 17.
cxd5 Nxd5 18. bxa4 $1 Nb6 19. Nc4 (19. Bxc6 $5 bxc6 20. Nc4 $14) 19... Nxa4 20.
Ba1 Qc7 21. Rb1 $14 {0-1 Todorovic,B (2355)-Rajkovic,D (2485)/Nis 1996/EXT 99 
(31)}) (8... c5 $5 9. Ne5 (9. c4 Nc6) 9... Bh5 10. c4 Nbd7 11. Nef3 {I cannot
understand this voluntary retreat.} (11. Ndf3 $5) 11... Qc7 12. cxd5 Nxd5 13.
Rc1 Rac8 14. d4 Qb8 15. Ne4 Rfd8 {Black has completed his development and
neutralised the Catalan pressure in a satisfactory way.} 16. dxc5 Nxc5 17. Nxc5
Rxc5 18. Rxc5 Bxc5 19. Qc1 Be7 20. Rd1 h6 21. h3 Rc8 22. Qa1 Bf6 23. Bxf6 Nxf6
24. g4 Bg6 25. Ne5 Be4 26. Nd7 {hen initiating this exchange operation, White
might have overestimated the power of his bishop.} Nxd7 27. Bxe4 Nf6 28. Bf3 b6
29. Qd4 e5 30. Qd3 Qc7 $15 {1/2-1/2 Bacrot,E (2712)-Georgiev,K (2626)/Mainz
2004/CBM 101 ext (85) The knight is more stable than the bishop, while the
control of the c-file overweigths the d-file.}) 9. h3 a5 10. a3 Na6 11. g4 {
The only logical follow-up, since otherwise h3 would have remained a mere loss
of time compared with the other games where White played Ne5. However, the
king side dark squares will be rather weak now.} Bg6 12. Ne5 Nd7 13. Nxg6 {
The players might well have not been aware that this position had been already
seen (at very high level!) before, coming from a different move order (when h3
caused the bishop to retreat and not vice-versa!)} hxg6 $146 {After this
mechanical capture towards the centre, White will get chances to consolidate
his advantage of space.} (13... fxg6 $5 {is a more direct attempt to underline
the weakness of the f4-square. However, the long term strategic risk involved
is obvious.} 14. e3 Bf6 15. d4 a4 $5 16. c4 (16. f4 {/\g5+/-} g5 $1 $13) 16...
axb3 17. Qxb3 Qb6 18. Qc2 Nc7 19. a4 Be7 20. c5 Qa7 21. Rfc1 {Apparently,
Black has little to fear. he white light squared bishop is severly restricted
while a queen side pawn attack is virtually impossible. And yet, the pressure
along the b-file combined with the weakness of the e6-square will soon become
a problem for Black, as a consequence of White's planful regroupment.} g5 22.
Nf3 Na6 23. Bc3 Rf7 24. Be1 Raf8 25. Nh2 e5 {Black gets rid of his backward
pawn, but the weakness of the e6-square remains.} 26. Rab1 Bf6 27. Nf3 Nc7 28.
Rb4 Ne6 29. Rcb1 exd4 30. exd4 Rb8 31. Bd2 Ndf8 32. Re1 h6 33. Qb1 Re8 34. Bf1
$1 {/\Bd3} Ree7 35. Bd3 Qa8 36. Bf5 $14 Qe8 37. a5 Qd8 $2 38. Re3 (38. a6 $1
$16 bxa6 39. Bxe6 Rxe6 40. Rxe6 Nxe6 41. Rb8 $18) 38... Qxa5 39. Rb2 $2 (39.
Rxb7 $2 Rxb7 {ףb1}) (39. Qe1 $1 $14 {/\Rxb7}) 39... Qc7 $15 {0-1 Kortschnoj,V
(2625)-Huebner,R (2595)/Nuremberg 1990/EXT 2000 (59)}) 14. e4 dxe4 15. Nxe4
Nac5 16. Nxc5 Bxc5 17. d4 Bd6 18. f4 {Aiming to prevent a central break with ..
.e5.} Nf6 (18... g5 $5) 19. c4 Qe7 20. Qf3 Rfe8 21. Kh1 Rad8 22. Rf2 Bb8 23.
Re1 $14 {WHite has a stable advantage of space, although it is hard to see how
he can make further progress.} Qc7 24. Kg1 Ba7 25. Rd1 Re7 26. Kf1 Red7 27.
Rfd2 Bb8 28. Rf2 Ba7 29. Qe3 a4 30. b4 b5 31. g5 Nh5 32. c5 Bb8 33. Bc1 Re7 34.
Rd3 f5 35. Kg1 Qd7 36. Qf3 Qd5 37. Qd1 Qd7 38. Rff3 Kf7 39. Rf2 Ree8 40. Bf1
Rh8 41. Be2 Qd5 42. Bf3 Qd7 43. Bg2 Rhe8 44. Qc2 Rh8 45. Qa2 Rhe8 46. Qc2
1/2-1/2

[Event "ROM-chT"]
[Site "Sovata"]
[Date "1999.04.18"]
[Round "3"]
[White "Marin, Mihail"]
[Black "Slovineanu, Viacheslav"]
[Result "1/2-1/2"]
[WhiteElo "2527"]
[BlackElo "2447"]
[Annotator "Marin,M"]
[PlyCount "114"]
[EventDate "1999.04.16"]
[EventType "team"]
[EventRounds "5"]
[EventCountry "ROU"]
[SourceTitle "EXT 2000"]
[Source "ChessBase"]
[SourceDate "1999.11.16"]
[SourceVersion "1"]
[SourceVersionDate "1999.11.16"]
[SourceQuality "1"]

1. g3 d5 2. Nf3 c6 3. Bg2 Nf6 4. O-O Bg4 5. d3 Nbd7 6. Nbd2 e5 7. h3 Bxf3 8.
Nxf3 Bd6 9. e4 O-O 10. Qe2 Re8 11. b3 Qc7 12. Bb2 Rad8 13. Nh2 dxe4 14. dxe4
Nf8 15. Rfd1 Qe7 16. a4 Ng6 17. Nf1 Qc7 18. Ne3 Bf8 19. Qc4 Rxd1+ 20. Rxd1 Rd8
21. Rd3 Ne8 22. h4 Nd6 23. Qc3 f6 24. Qd2 Be7 25. a5 Nf8 26. b4 g6 27. Qc3 Nb5
28. Qc4+ Kg7 29. c3 Rxd3 30. Qxd3 Qd6 31. Qxd6 Nxd6 32. Kf1 Ne6 33. Ke2 Nc7 34.
Kd3 Kf7 35. Bh3 Bf8 36. Nc4 c5 37. Bc1 Nxc4 38. Kxc4 b5+ 39. axb6 axb6 40. Bd7
Ke7 41. Bb5 cxb4 42. cxb4 Ne6 43. Kd5 Nd4 44. Bd3 Kd7 45. Bd2 Kc7 46. Bc3 Kd7
47. f4 Bd6 48. g4 Nf3 (48... Ne6 49. Bb5+ Ke7 50. fxe5 fxe5 51. Kc6 $18) 49.
Bb5+ Ke7 (49... Kc7) 50. g5 fxg5 51. hxg5 Bb8 52. Be2 Nd4 53. Bxd4 (53. Bg4 Nc2
) 53... exd4 54. e5 Bc7 55. Kxd4 Bd8 56. Kd5 Kf8 (56... Ke8 57. Kc6 Be7 58. b5
Bc5) 57. Kc4 (57. Kc6 Be7 58. b5 Bc5 59. Kd7 Bb4 60. e6 Bc5 61. Bd3 Be7 62. Be4
Bc5 63. f5 gxf5 64. Bxf5 Be7 65. Kc6 Bxg5 (65... Bd8 66. Bxh7) 66. Kxb6 Ke7 67.
Ka7 h5 68. b6 Be3 69. Ka6 h4 70. b7 Bf4 71. Ka7 $18) 57... Be7 1/2-1/2

[Event "Poikovsky Karpov 06th"]
[Site "Poikovsky"]
[Date "2005.02.26"]
[Round "1"]
[White "Vaganian, Rafael A"]
[Black "Dominguez Perez, Leinier"]
[Result "1/2-1/2"]
[WhiteElo "2670"]
[BlackElo "2661"]
[Annotator "Marin,M"]
[PlyCount "75"]
[EventDate "2005.02.26"]
[EventType "tourn"]
[EventRounds "9"]
[EventCountry "RUS"]
[EventCategory "18"]
[SourceTitle "CBM 106"]
[Source "ChessBase"]
[SourceDate "2005.06.06"]
[SourceVersion "1"]
[SourceVersionDate "2005.06.06"]
[SourceQuality "1"]

1. Nf3 d5 2. g3 c6 3. Bg2 Nf6 4. O-O Bf5 {Unlike the systems based on ...Bg4,
Black intends to preserve this bishop from a possible exchange. True, the
bishop will have to retreat to the apparently passive h7-square (after White's
thematic e2-e4), but Black's hope is that the pressure along the h7-b1
diagonal will considerably restrict White's possibilities.} 5. d3 e6 6. Qe1 h6
7. Nbd2 Be7 (7... Nbd7 8. e4 Bh7 9. e5) 8. e4 Bh7 9. Ne5 {[%csl Rh7][%cal
Yf2f4,Yg3g4] Vaganian has a rich experience with this position. I shall trz to
explain some of the main ideas on the basis of his games.} Nbd7 (9... O-O 10.
f4 Na6 $6 {[%csl Ra6,Re5]} (10... Nbd7) 11. Kh1 Re8 12. g4 {[%csl Yf7][%cal
Rg4g5,Rh6g5,Rf4g5]} Nd7 13. Nxd7 Qxd7 14. Nf3 c5 15. g5 {An important moment.
Black was optimally prepared for the standard move f4/f5, which would pursue
the aim of completely cutting the bishop out of play. Therefore, Vaganian
chooses a more concrete approach, which gives him attacking chances.} (15. f5
$6 dxe4 16. dxe4 exf5 {[%csl Yc2,Ye1][%cal Re8e1,Ra8d8,Rd8d1,Ra6b4]}) 15...
hxg5 16. fxg5 Bd6 17. Nh4 Nb4 {Black has to activate his knight somehow, but
this only helps White redirect the queen on a more useful diagonal.} 18. Qd1
Be5 19. Bd2 $1 Nc6 (19... Bxb2 20. Rb1 Be5 21. d4 Bc7 22. dxc5 Na6 $5 (22...
Nc6 23. g6 Bxg6 24. Nxg6 fxg6 25. exd5 exd5 26. Bf4 $1 $16 {[%csl Yb7,Yd5,Yg8]}
) 23. Bc3 $14 {[%cal Rb1b7,Re4d5,Rg5g6,Yc3g7]} Nxc5 $2 24. Qd4 $18) 20. exd5
exd5 21. Qh5 $40 {1-0 Vaganian,R-Van der Vorm,T/Netherlands 1996/EXT 2001 (30)}
) 10. Nxd7 Nxd7 (10... Qxd7 11. e5 $14) 11. f4 O-O 12. Kh1 dxe4 {This looks
like the corect strategy. Black has to play in the centre in order to keep the
balance even. Flank actions are rather slow, allowing White to get attacking
chances, due to his strong control of the centre.} (12... a5 13. g4 a4 {
Later, Vaganian deviated with} 14. a3 {. It might be that, playing against a
machine, he was not so keen of weakening too many dark squares. Computers are
supposed to fail finding a constructive plan in a position where no concrete
elements are available. This will be the case here.} (14. f5 {This move is
more to the point here than in the game against Van der Worm, because Black
has spent two whole tempi on the advance of the a-pawn, neglecting the
development in the meanwhile.} a3 15. b3 Re8 (15... Bf6 $5) 16. Rb1 $1 {
[%csl Ra3][%cal Yb3b4,Yb1b3]} exf5 17. gxf5 Qa5 {Black consequently follows
his queen side plan, but the migration of his pieces to that side of the board
will leave the king undefended.} 18. exd5 cxd5 19. Qg3 Bb4 20. Nf3 Kh8 (20...
Bxf5 21. Bxh6 Bg6 22. Nh4 $16 {Vaganian}) 21. f6 $1 {Together with exd5, this
move underlines the fact that the e4 and f5-pawns fulfill not only the static
task of keeping the enemy bishop out of play, but can also have dynamic
properties.} Nxf6 22. Bxh6 Nh5 (22... gxh6 23. Ne5 Re7 24. Rxf6 Rg8 25. Qh4 $1
Rxe5 26. Rxh6 Rg7 27. Rxh7+ Rxh7 28. Qf6+ $18 {Vaganian}) 23. Qg4 $40 {1-0
Vaganian,R-Sveshnikov,E/Sochi 1980/MCD (35)}) 14... Bh4 $6 {[%csl Yh4]} 15. Qe2
dxe4 16. dxe4 Nc5 17. Nc4 b5 18. Ne5 Qc7 19. g5 $1 {The next phase of the game
requires accurate calculation, but it is too late for the machine already to
use his tactical powers in order to improve his situation.} Bxg5 (19... hxg5
20. Nf3 f6 21. e5 $40) 20. fxg5 Qxe5 21. Bf4 Qxb2 22. Bd6 Qc3 23. gxh6 Rfd8 24.
Rad1 $40 {1-0 Vaganian,R-Comp Centaur/The Hague 1996/EXT 2002 (33)}) (12... Bc5
{[%csl Rc5] loses a tempo and places the bishop on an exposed square.} 13. g4
a5 14. a4 Re8 15. Qg3 dxe4 16. Nxe4 $1 {[%csl Yc5]} Bxe4 17. dxe4 $1 {[%cal
Ye4e5]} (17. Bxe4 Nf6 18. Bg2 Nd5 $132 {1/2-1/2 Vaganian,R-Short,N/Luzern 1985/
MCD (39)}) 17... e5 18. g5 $1 (18. f5 Be7 19. Rd1 Bg5 $11) 18... hxg5 19. fxg5
Nf8 20. h4 $16 {Vaganian}) (12... Kh8 13. g4 dxe4 14. Nxe4 f5 15. Ng3 Bg8 16.
Qe2 fxg4 17. Qxg4 Nf6 18. Qh3 Nd5 19. Bd2 Bd6 20. Nh5 Qc7 21. Bxd5 $5 exd5 22.
Bc3 d4 $8 (22... Rf7 23. Nxg7 Rxg7 24. Qxh6+ Bh7 25. Bxg7+ Qxg7 26. Qxd6 $18)
23. Bxd4 Bd5+ 24. Kg1 Rf7 25. c4 c5 26. Bc3 Bc6 27. Rae1 $36 {1-0 Vaganian,
R-Thorhallsson,T/New York 1997/CBM 057 ext (47)}) 13. dxe4 Nc5 {A very
effective plan, apparently designed by Karpov. By putting pressure against the
e4-pawn, Black considerably restricts White's freedom of action. Although he
has a better control of thecentre, White is slightly underdeveloped. His play
in the following phase of the game should aim to solve this problem.} 14. Qe3
$146 {Possibly, Vaganian wanted to keep the enemy knight under some pressure,
but I believe that he failed to foresee that the queen is slightly exposed
here, leaving the back rank slightly vulnerable as well..} (14. Qe2 a5 (14...
Qd7 $5 15. Nc4 Rad8 (15... Rfd8 $6 {[%csl Rf7]} 16. Ne5 Qd4 $6 17. Be3 Qxb2 18.
Qh5 $40 {[%csl Rc5,Rf7]})) (14... Qd4 $5 15. Nb3 $5 Nxb3 16. axb3 Rfd8 17. Ra4
$5 Qb6 18. f5 $14 {[%csl Yh7]}) 15. Nc4 $6 (15. a4 $5) 15... b5 16. Ne5 Qc7 $11
17. Nd3 Nxd3 18. cxd3 c5 19. Be3 Rac8 20. Rac1 Qd7 21. Rc2 Rfd8 22. Rd2 Bf6 23.
Rc1 Bd4 24. h4 Bxe3 25. Qxe3 Qd4 26. Qxd4 cxd4 27. Rdd1 g5 28. hxg5 hxg5 {
1/2-1/2 Vaganian,R-Karpov,A/Moscow 1993/EXT 97}) 14... Qd7 (14... a5 15. a4)
15. a4 $6 (15. Nc4 Rfd8 16. Ne5 (16. Qe2) 16... Qd1 $5 (16... Qd4 17. Qxd4 Rxd4
18. Be3 Rxe4 $5 19. Bxe4 Bxe4+ $44) 17. Rxd1 Rxd1+ 18. Bf1 Rxf1+ 19. Kg2 Rd1
$15 {[%csl Ye4]}) (15. Nb3 $142) 15... Rfd8 16. Nb3 Nxb3 17. Qxb3 Bc5 18. g4
Qe7 19. f5 {Finally, White has managed to create a barrier against the light
squared bishop, but Black's better development will allow him to break it.} h5
$1 $11 {This is it. Because of the vulnerable position of his king, White
cannot maintain his chain of pawns intact with h3.} 20. fxe6 Qxe6 21. Qxe6 fxe6
22. gxh5 Rd4 23. Be3 Rc4 24. Bxc5 Rxc5 25. c3 Rf8 26. Rxf8+ Kxf8 27. Bf3 Re5
28. Re1 Ra5 29. Rd1 Ke7 30. b3 b5 31. axb5 Rxb5 32. b4 a5 33. bxa5 Rxa5 34. Kg2
Rc5 35. Ra1 Kf6 36. Ra7 Bg8 37. e5+ Rxe5 38. Bxc6 1/2-1/2

[Event "ROM-ch"]
[Site "Bucharest"]
[Date "1998.12.08"]
[Round "1"]
[White "Badea, Bela"]
[Black "Nanu, Ciprian Costica"]
[Result "1-0"]
[WhiteElo "2530"]
[BlackElo "2405"]
[Annotator "Marin,M/Stoica"]
[PlyCount "75"]
[EventDate "1998.12.08"]
[EventType "tourn"]
[EventRounds "15"]
[EventCountry "ROU"]
[EventCategory "9"]
[SourceTitle "CBM 069"]
[Source "ChessBase"]
[SourceDate "1999.04.01"]
[SourceVersion "1"]
[SourceVersionDate "1999.04.01"]
[SourceQuality "1"]

1. Nf3 Nf6 2. g3 d5 3. Bg2 c6 4. h3 $5 {Um 4...Bg4 zu verhindern, verliert
Weiss ein Tempo mit diesem Zug, das sich doch weiter als nützlich erweisen
kann.} Bf5 5. d3 h6 6. O-O e6 7. Nfd2 e5 8. e4 dxe4 9. dxe4 Be6 10. Nc3 Qc8 11.
Kh2 Bc5 12. Qe2 Qc7 13. Nc4 Nbd7 14. f4 exf4 ({Vorzuziehen wäre vielleicht} 
14... b5) 15. Bxf4 Qd8 16. Nd6+ Bxd6 17. Bxd6 Nb6 18. e5 Nfd5 19. Ne4 Ne7 20.
b3 Nd7 21. g4 Qa5 22. c4 Nxe5 ({Chancenlos, aber auch nach} 22... Ng6 23. b4
Qb6 24. Ng3 {hätte Weiss Vorteil gehabt.}) 23. b4 Nxg4+ 24. hxg4 Qd8 25. Bg3
O-O 26. Nc5 Qc8 27. Nxe6 Qxe6 28. Qxe6 fxe6 29. a4 Rxf1 30. Rxf1 Rd8 31. g5 Rd4
32. Bh3 Nf5 33. Bxf5 exf5 34. Rxf5 Rxc4 35. g6 Rg4 36. Rf7 Rxg6 37. Rxb7 Rg4
38. a5 1-0

[Event "BEL-chT 9798"]
[Site "Antwerp"]
[Date "1998.02.08"]
[Round "9"]
[White "Chuchelov, Vladimir"]
[Black "Kuijf, Marinus"]
[Result "1-0"]
[WhiteElo "2525"]
[BlackElo "2475"]
[Annotator "Meulders,R"]
[PlyCount "75"]
[EventDate "1997.??.??"]
[EventType "team"]
[EventRounds "11"]
[EventCountry "BEL"]
[SourceTitle "CBM 063"]
[Source "ChessBase"]
[SourceDate "1998.03.26"]
[SourceVersion "1"]
[SourceVersionDate "1998.03.26"]
[SourceQuality "1"]

1. Nf3 d5 2. g3 Bf5 3. Bg2 e6 4. O-O Nf6 5. d3 Be7 6. Nbd2 h6 7. Qe1 O-O 8. e4
Bh7 9. Qe2 Nfd7 10. Ne1 Nc5 11. Nb3 Nc6 12. Be3 Na4 13. c3 {Vielleicht ein
bißchen eingelullt durch den vorsichtig schlurfenden Chuchelov entschließt
Kuijf sich jetzt zu einem ambitiösen Plan: der Aufmarsch von Pd5.} Bf6 $2 {
Es wäre wohl besser die Entwicklung weiter zu setzen mit ...Qd7 und 14.f4 mit
f5!? zu beantworten um den weißen f-Bauer zu stoppen.} 14. f4 $1 {Sofort zieht
Weiß den Kampfanzug an. Es droht Einschnürung mittels e5 und d4.} d4 {
Konsequent, aber jetzt wird die Diagonale h1-a8 geschwächt.} 15. cxd4 Nxd4 16.
Qf2 $1 {Weiß steht schon klar besser. Um nicht überrannt zu werden, muß
Schwarz den Damenflügel weiter schwächen.} c5 (16... e5 $2 17. Bxd4 exd4 18. e5
Be7 19. Bxb7 Rb8 20. Bc6 Nc5 21. Nxc5 Bxc5 22. Rc1 Bb4 23. a3 Bxe1 24. Rfxe1
Bxd3 25. Red1 Bf5 26. Rxd4 $18) 17. e5 Be7 18. Bxb7 {So einfach geht das. Die
jetzt folgende taktische Komplikationen sind im Nachteil von Schwarz.} Rb8 19.
Be4 Nf5 20. Rc1 Kh8 $6 ({Mehr Chancen auf Gegenspiel bot m.E.} 20... Nxe3 21.
Bxh7+ Kxh7 22. Qxe3 Qd5 (22... Nxb2 $2 23. Rf2 Na4 24. Qe4+ $18) 23. Rf2 Rfd8 {
und Schwarz hat einigen Druck für den Bauer.}) 21. Rc2 c4 $6 22. Rxc4 $6 (22.
Bxf5 $1 Bxf5 23. Rxc4 $18) 22... Nxb2 23. Rc1 a5 $2 ({Warum doch nicht den Be3
ausgeschaltet, z.B.} 23... Nxe3 24. Qxe3 Bxe4 25. Qxe4 Qd5 26. Qxd5 exd5 27.
Rc7 Bd8 28. Rd7 Bb6+ 29. Kg2 Rbd8 30. Re7 Kg8 31. d4 Rfe8 {und die Ernte ist
noch nicht unter Dach.}) 24. Ba7 $1 {Weiß greift nicht mehr fehl und teilt den
Gnadenstoß aus.} Rb5 25. Qxb2 a4 26. Bc6 Rb4 27. Nc2 Rxb3 28. axb3 Qc7 29. bxa4
Qxa7+ 30. Kh1 Rb8 31. Qa2 h5 32. Na3 Ne3 33. Nb5 Qb6 34. Rf3 Nd5 {Schwarz
steht völlig auf Verlust, aber in Zeitnot nimmt man es nicht so genau.} 35.
Bxd5 exd5 36. Qxd5 Rd8 37. Qxf7 Bxd3 38. Rxd3 $1 (38. Rxd3 Rxd3 39. Qxe7 Qe3
40. Qf8+ Kh7 41. Qf5+ {usw.}) 1-0

[Event "FIDE World Cup"]
[Site "Khanty-Mansiysk"]
[Date "2011.09.08"]
[Round "4.3"]
[White "Bu, Xiangzhi"]
[Black "Ivanchuk, Vassily"]
[Result "0-1"]
[WhiteElo "2675"]
[BlackElo "2768"]
[Annotator "Moradiabadi,E"]
[PlyCount "58"]
[EventDate "2011.08.28"]
[EventType "k.o."]
[EventRounds "7"]
[EventCountry "RUS"]
[SourceTitle "CBM 145"]
[Source "ChessBase"]
[SourceDate "2011.11.11"]
[SourceVersion "1"]
[SourceVersionDate "2011.11.11"]
[SourceQuality "1"]

1. Nf3 {This is the "pet" move of the Chinese ex-prodigy.} d5 2. g3 g6 $5 {
Ivanchuk chooses a very interesting setup. Probably he is aiming to play the
aggressive ...d5-d4 in the event of c4.} 3. Bg2 Bg7 4. O-O e5 5. d3 {This is a
rather passive continuation. However, the more aggressive one did not yielded
anything either in the very same event.} (5. c4 dxc4 6. Na3 ({In the event of} 
6. Qa4+ {Black can reply with} Nc6 7. Qxc4 Nge7 8. d3 O-O 9. Nbd2 Be6 10. Qc2
Nb4 11. Qb1 c5 12. b3 Nec6 13. Bb2 Qe7 14. a3 Nd5 15. e3 Rfd8 16. Qc2 Rac8 17.
Rac1 b6 18. Qb1 f6 19. Rfe1 Qf7 20. h4 Nde7 $1 {and Black is doing just fine.}
(20... Qd7 $13 {1-0 Vaganian,R (2625)-Ehlvest,J (2580)/Moscow 1988/URS-ch (62)}
)) 6... Nc6 7. Nxc4 Nge7 8. d3 O-O 9. Bd2 Be6 10. Rc1 a5 11. Qa4 b6 12. Bc3 f6
13. a3 {1/2-1/2 Grischuk,A (2746)-Feller,S (2666)/Khanty Mansiysk 2011/
CB35_2011}) 5... Nc6 6. c4 dxc4 7. dxc4 Qxd1 8. Rxd1 e4 $5 {Aggressive and
interesting. White has to be careful with his reaction, otherwise he would
hand over the initiative.} 9. Nfd2 $6 {A timid move which allows Black to
seize the initiative.} (9. Ng5 $142 f5 10. Nc3 {Now taking on c3 is mandatory.}
Bxc3 11. bxc3 Nf6 12. f3 h6 13. Nh3 {with an unclear game. At least White has
much better prospects than in the game.}) 9... f5 10. Nc3 Be6 $1 {Here comes
the difference. Black keeps his monstrous bishop on g7 and prepares to castle
long.} 11. Nd5 $6 {This is too optimistic! Now Black is just simply better.}
O-O-O 12. Nb3 Nf6 (12... Nge7 $144) 13. Bg5 Bxd5 14. cxd5 Rxd5 {Now Black is
just simply a pawn up.} 15. f3 exf3 16. Rxd5 Nxd5 17. Bxf3 Ndb4 18. Kf1 Re8 19.
Nc5 (19. a3 {was the last chance to make things "foggy". Although Black's
clear advantage after} Bxb2 $1 20. axb4 Bxa1 21. Bxc6 bxc6 22. Nxa1 c5 $1 23.
bxc5 a5 {is indisputable.}) 19... Bd4 20. a3 Bxc5 21. axb4 Nxb4 22. g4 Nc2 23.
Ra5 Be3 24. gxf5 Bxg5 25. fxg6 Ne3+ 26. Kg1 h6 27. Rxa7 c6 28. g7 Kc7 29. Ra4
Rg8 0-1